| 000 | 00608nam a2200133 a 4500 | ||
|---|---|---|---|
| 008 | 090126s2000 ||||||||||||||||| || u | ||
| 050 | _aUNCTAD(058)GP/2000 | ||
| 245 | 0 | 2 |
_aA guide to UNCTAD publications, 2000 _cBy the United Nations Conference on Trade and Development |
| 260 |
_aNew York _bUnited Nations Conference on Trade and Development (UNCTAD) _c2000 |
||
| 300 | _a232p. | ||
| 350 | _a0.00 | ||
| 650 | _aUNITED NATIONS--PUBLICATIONS | ||
| 995 |
_D0.00 _FCBU-MAIN LIBRARY (Kitwe) _H1 _I0.00 _M1 _UAVAILABLE _WJan 26, 2009 _ZInternational Publications |
||
| 999 |
_c45148 _d45148 |
||